Víno, vínečko--, aneb, Kdy je vinno víno /

Hlavní autor: Ebr, Vratislav, 1942-2023
Další autoři: Pavlík, Miroslav, 1940-2022
Jazyk: Čeština
Vydáno: Praha : Krigl, [2010]
Vydání: 1. vyd.
Témata:
Externí odkaz: Digitalizovaný dokument
Fyzický popis: 108 s. : il. ; 18 cm
Knihy
Uloženo v:
LEADER 01781nam a2200493 a 4500
001 nkc20102131772
003 CZ PrNK
005 20110607160615.0
007 ta
008 101108s2010 xr a e 000 0 cze
015 |a cnb002131772 
020 |a 978-80-86912-44-8  |q (váz.) 
035 |a (OCoLC)693936897 
040 |a ABA001  |b cze 
043 |a e-xr--- 
072 7 |a 663  |x Průmysl nápojů. Kvasný průmysl. Průmysl pochutin  |2 Konspekt  |9 19 
080 |a 634.8  |2 MRF 
080 |a 663.2  |2 MRF 
080 |a 82-7  |2 MRF 
080 |a 088  |2 MRF 
080 |a (437.3)  |2 MRF 
080 |a (0.062)  |2 MRF 
100 1 |a Ebr, Vratislav,  |d 1942-2023  |7 jn19981000941  |4 aut  |4 com 
245 1 0 |a Víno, vínečko--, aneb, Kdy je vinno víno /  |c [sestavil] Vráťa Ebr ; [ilustroval] Miroslav Pavlík 
246 3 0 |a Kdy je vinno víno 
250 |a 1. vyd. 
260 |a Praha :  |b Krigl,  |c [2010] 
300 |a 108 s. :  |b il. ;  |c 18 cm 
650 0 7 |a vinohradnictví  |7 ph127107  |z Česko  |2 czenas 
650 0 7 |a vinařství  |7 ph116575  |x humor  |2 czenas 
650 0 7 |a kuriozity, rekordy a zajímavosti  |7 ph115040  |2 czenas 
650 0 9 |a viticulture  |z Czechia  |2 eczenas 
650 0 9 |a wine making  |x humor  |2 eczenas 
650 0 9 |a curiosities, records and wonders  |2 eczenas 
655 7 |a populárně-naučné publikace  |7 fd131864  |2 czenas 
655 9 |a popular works  |2 eczenas 
700 1 |a Pavlík, Miroslav,  |d 1940-2022  |7 mzk2005266343  |4 ill 
856 4 1 |u http://www.digitalniknihovna.cz/mzk/uuid/uuid:7e2e9f00-77d7-11ea-8f71-005056827e52  |y Digitalizovaný dokument  |x NDK 
910 2 |a BOA001  |b 1-1266.538 
928 9 |a Agentura Krigl 
990 |a BK 
995 |a 01 
991 |b 201106  |c NOV  |e n 
996 6 |b 2610466652  |c 1-1266.538  |l MZK  |r Sklad / do 1 hodiny  |n 0  |p p.v.  |w 001181424  |u 000010  |a 1  |e BOA001  |j MZK50  |s P